LEADER 02566nam0 22004573i 450 001 RML0092098 005 20251003044341.0 010 $a8833912752 100 $a20010420d2000 ||||0itac50 ba 101 | $aita$cita 102 $ait 181 1$6z01$ai $bxxxe 182 1$6z01$an 183 1$6z01$anc$2RDAcarrier 200 1 $aDal distretto industriale allo sviluppo locale$esvolgimento e difesa di una idea$fGiacomo Becattini 210 $aTorino$cBollati Boringhieri$d2000 215 $a 282 p .$d20 cm 225 | $aTemi$v103 410 0$1001CFI0099498$12001 $aTemi$v103 500 10$aDal distretto industriale allo sviluppo locale.$3UBO4597750$9CFIV011879$967241 606 $aPiccole imprese$xDistribuzione territoriale$xItalia$2FIR$3CFIC111611$9I 676 $a338.6$9Organizzazione della produzione$v14 676 $a338.6420945$9PICCOLE IMPRESE. ITALIA$v19 676 $a338.6420945$9PICCOLE IMPRESE. Italia$v20 676 $a338.6420945$9PICCOLA IMPRESA. Italia$v21 676 $a338.6420945$9PICCOLA IMPRESA. Italia$v23 676 $a338.945$9SVILUPPO ECONOMICO E POLITICHE DI SVILUPPO. Italia$v20 686 $aSe.i.14.2.2$cStoria dell'economia italiana. 1963-1975. L'industria$2F 686 $aSe.i.14.2.2.8$cStoria dell'economia italiana. 1963-1975. I settori industriali e l'edilizia; la piccola e media industria e l'artigianato$2F 696 $aRipartizione territoriale 699 $aDistribuzione territoriale$zRipartizione territoriale 700 1$aBecattini$b, Giacomo$3CFIV011879$4070$033001 801 3$aIT$bIT-000000$c20010420 850 $aIT-BN0095 $aIT-NA0457 901 $bNAP BI$cSALA 5 $nLibri da 4151 in poi 901 $bNAP 01$cPOZZO LIB.$nVi sono collocati fondi di economia, periodici di ingegneria e scienze, periodici di economia e statistica e altri fondi comprendenti documenti di economia pervenuti in dono. 912 $aRML0092098 950 0$aBiblioteca Centralizzata di Ateneo$c1 v. in tre copie$d 01POZZO LIB.ECON MON 1927$e 0101 0000292175E VMA (bis 1 v. (2. copia)$fB $h20210331$i20210331$c1 v. in tre copie$d 01POZZO LIB.ECON MON 1927$e 0101 0000298645E VMA (ter 1 v. (3. copia)$fB $h20210331$i20210331$c1 v. in tre copie$d 01POZZO LIB.ECON MON 1927$e 0101 0000008045E VMA 1 v. (Precedente collocazione: DASES A 53)$fB $h20080618$i20080618 977 $a 01$a BI 996 $aDal distretto industriale allo sviluppo locale$967241 997 $aUNISANNIO